Présidents français par emojis - Statistiques

Statistiques générales
  • Ce quiz a été pris 1 049 fois
  • Le résultat moyen est 5 sur 12
Statistiques - réponses
Emojis Président % Correct
Charles de Gaulle
98%
Emmanuel Macron
87%
François Hollande
65%
Nicolas Sarkozy
65%
Jacques Chirac
57%
Louis-Napoléon Bonaparte
39%
René Coty
29%
Valéry Giscard d'Estaing
25%
Raymond Poincaré
21%
Marie François Sadi Carnot
16%
Paul Deschanel
16%
Félix Faure
7%
Aucun quiz correspondant
Distribution des résultats
% des personnes avec chaque résultat
Percentile par nombre de réponses
Votre historique - résultats
Vous n’avez pas pris ce quiz